| 000 | nam a22 7a 4500 | ||
|---|---|---|---|
| 999 |
_c127538 _d127538 |
||
| 008 | 180220b xxu||||| |||| 00| 0 eng d | ||
| 050 | _aBT30.A4 C543 | ||
| 100 |
_aChiziane, Paulina _939490 |
||
| 245 |
_aNgoma yethu _bo curandeiro e o novo testamento _cPaulina Chiziane and Mariana Martins |
||
| 250 | _a2nd. ed. | ||
| 260 |
_aMozambique _bMatiko Editora _c2015 |
||
| 300 |
_a267p. ; _c24cm. |
||
| 650 |
_aTheology, Doctrinal _zAfrica _98574 |
||
| 650 |
_aChristianity and culture _zAfrica _913567 |
||
| 942 |
_2lcc _cMONOGRAPH |
||